00310nam a2200145Ia 45000030006000000050017000060080041000230400009000640410012000730820016000851000019001012450022001202600014001423000008001560Nust20170105110255.0161124s9999 xx 000 0 und d cIGIS aEnglish a616.07bMUH aFateh Muhammad aGeneral Pathology apakc1995 a155